The College Dropout Tracklist (Kanye West) - Statistics

General Stats
  • This quiz has been taken 440 times
  • The average score is 15 of 21
Answer Stats
Hint Answer % Correct
4 (ft Syleena Johnson) All Falls Down
94%
19 Through The Wire
85%
12 (ft Twista, Jamie Foxx) Slow Jamz
82%
6 (ft GLC, Consquence) Spaceship
82%
2 We Don't Care
82%
21 Last Call
79%
11 The New Workout Plan
79%
20 Family Business
78%
18 (ft Mos Def, Freeway, The Boys Choir of Harlem) Two Words
76%
7 Jesus Walks
71%
10 Workout Plan
71%
1 Intro
70%
8 (ft JAY-Z, J. Ivy) Never Let Me Down
68%
15 School Spirit
68%
14 School Spirit Skit 1
68%
16 School Spirit Skit 2
68%
9 (ft Talib Kweli, Common) Get Em High
62%
3 Graduation Day
62%
13 (ft Ludacris) Breathe In Breathe Out
60%
17 Lil Jimmy Skit
59%
5 I'll Fly Away
55%
No matching quizzes found
Score Distribution
Percent of People with Each Score
Percentile by Number Answered
Your Score History
You have not taken this quiz